000 00637nam a22001817a 4500
003 OSt
005 20260115014217.0
008 260115b |||||||| |||| 00| 0 eng d
020 _a 978-621-8035-67-6
040 _aDWC-Main lib
_cOC
082 _aFil. 378.125 D346a 2019
100 _aDe Leon, Elmer B.
245 _aAction research : for beginners in classroom- based context:
_b A guide for Pre- Service teachers/
_cElmer B. De Leon
260 _aQuezon City :
_bLorimar Publishing,
_c c2019.
300 _av , 136 pages :
_billustrations ;
_c26cm
650 _a1. Action research in education
942 _2ddc
_cBK - FIL
_kFil.
_n0
999 _c7390
_d7390